000
00315 a2200133 4500
001
194791
040
_c
Magnum
100
_a
Abreu, João Capistrano de
240
1
0
_a
Capítulo de história colonial
_l
por
245
1
0
_a
Capítulo de história colonial
300
_a
121
697
_a
LITERATURA GERAL
942
_c
BK
999
_c
194791
_d
194791